Stati secessionisti americani - Statistics

Statistiche generali
  • Questo quiz è stato fatto 13 volte
  • Il punteggio medio è 7 su 11
Statistiche sulle risposte
Secessione Stato federato % Corretto
10 gennaio 1861 Florida
100%
20 maggio 1861 Carolina del Nord
73%
20 dicembre 1860 Carolina del Sud
73%
1º febbraio 1861 Texas
73%
11 gennaio 1861 Alabama
64%
9 gennaio 1861 Mississippi
64%
17 aprile 1861 Virginia
64%
6 maggio 1861 Arkansas
55%
8 giugno 1861 Tennessee
55%
19 gennaio 1861 Georgia
45%
26 gennaio 1861 Louisiana
45%
Nessun quiz corrispondente trovato
Distribuzione punteggi
Percentuale di utenti per punteggio
Percentile per numero di risposta
I tuoi punteggi nel tempo
Non hai fatto questo quiz